<?xml version="1.0" encoding="UTF-8"?>
<marc:record xmlns:marc="http://www.loc.gov/MARC21/slim">
   <marc:leader>00000nam a2200000 a 4500</marc:leader>
   <marc:datafield ind1="1" ind2=" " tag="100">
      <marc:subfield code="a">Gier, Kerstin</marc:subfield>
      <marc:subfield code="4">aut</marc:subfield>
      <marc:subfield code="e">Verfasser/-in</marc:subfield>
   </marc:datafield>
   <marc:datafield ind1=" " ind2=" " tag="653">
      <marc:subfield code="a">ab 12</marc:subfield>
   </marc:datafield>
   <marc:datafield ind1="0" ind2="0" tag="245">
      <marc:subfield code="a">Saphirblau</marc:subfield>
   </marc:datafield>
   <marc:datafield ind1="0" ind2="0" tag="245">
      <marc:subfield code="b">2. Band</marc:subfield>
   </marc:datafield>
   <marc:datafield ind1=" " ind2="1" tag="264">
      <marc:subfield code="b">Arena-Verl.</marc:subfield>
      <marc:subfield code="c">2011</marc:subfield>
   </marc:datafield>
   <marc:datafield ind1="1" ind2=" " tag="490">
      <marc:subfield code="a">Liebe geht durch alle Zeiten</marc:subfield>
   </marc:datafield>
   <marc:datafield ind1="1" ind2=" " tag="520">
      <marc:subfield code="a">Frisch verliebt in die Vergangenheit, das ist keine gute Idee. Das zumindest findet Gwendolyn, 16 Jahre alt, frisch gebackene Zeitreisende. Schließlich haben sie und Gideon ganz andere Probleme. Zum Beispiel die Welt zu retten. Oder Menuett tanzen zu lernen. (Beides nicht wirklich einfach!) Als Gideon dann auch noch anfängt, sich völlig rätselhaft zu benehmen, wird Gwendolyn klar, dass sie schleunigst ihre Hormone in den Griff bekommen muss. Denn sonst wird das nichts mit der Liebe zwischen allen Zeiten!</marc:subfield>
   </marc:datafield>
   <marc:datafield ind1=" " ind2=" " tag="020">
      <marc:subfield code="a">9783401063478</marc:subfield>
      <marc:subfield code="9">9783401063478</marc:subfield>
   </marc:datafield>
</marc:record>
